Scoring points : (Record no. 3903)

MARC details
000 -LEADER
fixed length control field 00936nac a22002291u 4500
010 ## - LIBRARY OF CONGRESS CONTROL NUMBER
LC control number 2003018763
020 ## - INTERNATIONAL STANDARD BOOK NUMBER
International Standard Book Number 074943578X
082 00 - DEWEY DECIMAL CLASSIFICATION NUMBER
Classification number 658.812
Item number H9199
090 ## - LOCALLY ASSIGNED LC-TYPE CALL NUMBER (OCLC); LOCAL CALL NUMBER (OCLC)
-- 3903
-- 3903
100 ## - MAIN ENTRY--PERSONAL NAME
Personal name Humby, Clive.
245 10 - TITLE STATEMENT
Title Scoring points :
Remainder of title how Tesco is winning customer loyalty /
Statement of responsibility, etc Clive Humby and Terry Hunt, with Tim Phillips.
260 ## - PUBLICATION, DISTRIBUTION, ETC. (IMPRINT)
Place of publication, distribution, etc Sterling, VA :
Name of publisher, distributor, etc Kogan Page,2004
Date of publication, distribution, etc c2004.
300 ## - PHYSICAL DESCRIPTION
Extent x, 276 p. ;
Dimensions 24 cm.
504 ## - BIBLIOGRAPHY, ETC. NOTE
Bibliography, etc Includes bibliographical references and index.
610 20 - SUBJECT ADDED ENTRY--CORPORATE NAME
Corporate name or jurisdiction name as entry element Tesco (Firm)
General subdivision History
Chronological subdivision 20th century.
650 #0 - SUBJECT ADDED ENTRY--TOPICAL TERM
Topical term or geographic name as entry element Customer loyalty programs
Form subdivision Case studies.
700 1# - ADDED ENTRY--PERSONAL NAME
Personal name Hunt, Terry,
Dates associated with a name 1955-
700 1# - ADDED ENTRY--PERSONAL NAME
Personal name Phillips, Tim,
Dates associated with a name 1967-
856 41 - ELECTRONIC LOCATION AND ACCESS
Materials specified Table of contents
Uniform Resource Identifier <a href="http://www.loc.gov/catdir/toc/ecip048/2003018763.html">http://www.loc.gov/catdir/toc/ecip048/2003018763.html</a>
942 ## - ADDED ENTRY ELEMENTS (KOHA)
Item type Book - Borrowing
Call number prefix 658.812H9199
Holdings
Withdrawn status Item status Damaged status Not for loan Home library Current library Shelving location Date acquired Source of acquisition Total Checkouts Total Renewals Full call number Barcode Date last seen Date last borrowed Koha item type
        Central Library Central Library First floor 05/08/2007 Purchase 2 6 658.812 HUM 000000177 15/07/2025 29/04/2017 Book - Borrowing